Plant physiology: with reference to the green plant
Gorde:
| Egile nagusia: | |
|---|---|
| Formatua: | Liburua |
| Hizkuntza: | ingelesa |
| Argitaratua: |
Nueva York
McGraw-Hill
1938
|
| Edizioa: | 2a. ed |
| Saila: | McGraw-Hill Publications in the Botanical Sciencies
|
| Gaiak: | |
| Etiketak: |
Etiketa erantsi
Etiketarik gabe, Izan zaitez lehena erregistro honi etiketa jartzen!
|
MARC
| LEADER | 00000nam a2200000 a 4500 | ||
|---|---|---|---|
| 001 | UCV7359 | ||
| 003 | CL-VaPUC | ||
| 008 | 911004e19380000US |||||||||||||||||eng|d | ||
| 082 | 0 | 4 | |a 581.1 |b MIL |2 21 |
| 100 | |a Miller, Edwin C. |e autor |9 301458 | ||
| 245 | 1 | 0 | |a Plant physiology: with reference to the green plant |
| 250 | |a 2a. ed | ||
| 300 | |a 1201 p | ||
| 942 | |c BK | ||
| 945 | |d 19911004 00:00:00 | ||
| 260 | |a Nueva York |b McGraw-Hill |c 1938 | ||
| 650 | 0 | |a Fisiología vegetal |9 260158 | |
| 583 | |a last modification |c 19911004 00:00:00 |k Rodrigo Vera | ||
| 490 | 0 | |a McGraw-Hill Publications in the Botanical Sciencies | |
| 999 | |c 213051 |d 213049 | ||
| 952 | |0 0 |1 0 |4 0 |6 581_100000000000000_MIL_1938 |7 0 |8 A |9 195040 |a BIBCUR |b BIBCUR |d 2019-11-14 |i 3198391 |o 581.1 MIL 1938 |p 3198391 |r 2025-04-22 |w 2019-11-14 |y BK |k BCB | ||
| 952 | |0 0 |1 0 |4 0 |6 581_100000000000000_MIL_1938 |7 0 |8 A |9 195041 |a BIBCUR |b BIBCUR |d 2019-11-14 |i 1798154 |o 581.1 MIL 1938 |p 1798154 |r 2025-04-22 |w 2019-11-14 |y BK |k BCB | ||